Cenník smerných orientačných cien 1993 : 800-763 Drevostavby - montáž

Guardado en:
Detalles Bibliográficos
Formato: Libro
Lenguaje:eslovaco
Publicado: Bratislava : Cenekon, 1993
Etiquetas: Agregar Etiqueta
Sin Etiquetas, Sea el primero en etiquetar este registro!

MARC

LEADER 00000nam a22000003a 4500
001 stu225713
005 20150408164424.6
008 110524s1993----xo------------------slo-d
040 |a STU  |b slo 
041 0 |a slo 
044 |a xo 
245 |a Cenník smerných orientačných cien 1993 :  |b 800-763 Drevostavby - montáž 
260 |a Bratislava :  |b Cenekon,  |c 1993 
300 |a 13 s 
996 |b 284V034366  |c V*6909/K-1407  |l VVT  |s A  |a 24  |w stu225713_0001